[Event "Sunningdale e2e4 op U1800 05"]
[Site "Sunningdale"]
[Date "2013.05.25"]
[Round "2"]
[White "Crouch, Timothy J"]
[Black "Plumb, Michael D"]
[Result "1/2-1/2"]
[WhiteElo "1623"]
[BlackElo "1673"]
[PlyCount "54"]
[EventDate "2013.05.25"]
[EventType "swiss"]
[EventRounds "7"]
[EventCountry "ENG"]
[SourceTitle "EXT 2014"]
[Source "ChessBase"]
[SourceDate "2013.11.20"]
[SourceVersion "1"]
[SourceVersionDate "2013.11.20"]
[SourceQuality "1"]

1. e4 e5 2. Nf3 d6 3. Bc4 Be7 4. d3 Nf6 5. h3 Nc6 6. Nc3 Na5 7. Nd5 Nxd5 8. Bxd5 Bd7 9. a3 c6 10. Ba2 c5 11. Bd2 Nc6 12. c3 b6 13. Bd5 Rc8 14. Be3 0-0 15. Qd2 Be6 16. Bxe6 fxe6 17. Bg5 Bxg5 18. Nxg5 Qf6 19. 0-0 h6 20. Nf3 Ne7 21. Nh2 Rcd8 22. f3 Ng6 23. Ng4 Qh4 24. Qf2 Qg5 25. Kh2 Nf4 26. Rad1 h5 27. Ne3 Ng6 1/2-1/2

[Event "Sunningdale e2e4 op U1800 05"]
[Site "Sunningdale"]
[Date "2013.05.25"]
[Round "3"]
[White "Plumb, Michael D"]
[Black "Billett, Stephen"]
[Result "0-1"]
[WhiteElo "1673"]
[BlackElo "1628"]
[PlyCount "78"]
[EventDate "2013.05.25"]
[EventType "swiss"]
[EventRounds "7"]
[EventCountry "ENG"]
[SourceTitle "EXT 2014"]
[Source "ChessBase"]
[SourceDate "2013.11.20"]
[SourceVersion "1"]
[SourceVersionDate "2013.11.20"]
[SourceQuality "1"]

1. e4 e6 2. d4 d5 3. exd5 exd5 4. Nf3 Nf6 5. Bd3 Bg4 6. Be3 Bd6 7. Nbd2 Nbd7 8. c3 c5 9. b3 Qc7 10. Qc2 Rc8 11. h3 Bh5 12. 0-0 c4 13. bxc4 dxc4 14. Bf5 0-0 15. Bg5 Bg6 16. Bxg6 fxg6 17. Qa4 Nd5 18. Rfc1 Nf4 19. Bxf4 Bxf4 20. Re1 Nb6 21. Qa3 Qf7 22. Rf1 Nd5 23. Rab1 Rfe8 24. Rfe1 Bxd2 25. Nxd2 Nf4 26. Qa4 Ne2+ 27. Kf1 Nxc3 28. Rxe8+ Rxe8 29. Qc2 Re2 30. f3 Rxd2 31. Qxd2 Nxb1 32. Qc1 c3 33. Qxb1 Qc4+ 34. Ke1 Qxd4 35. Qb3+ Kh8 36. Qb5 Qd2+ 37. Kf1 h6 38. Qb4 Qd1+ 39. Kf2 c2 0-1